Văn phạm Pháp văn và cách chia động từ

Kaydedildi:
Detaylı Bibliyografya
Materyal Türü: Kitap
Baskı/Yayın Bilgisi: 1999
Etiketler: Etiketle
Etiket eklenmemiş, İlk siz ekleyin!
Thư viện lưu trữ: Mạng thư viện Đại học Đà Nẵng
LEADER 00470nam a22001811a 4500
001 000036444
003 12739
005 20160408151546.0
008 160408s1999 000
082 |a 4P(07) 107-09 
245 |a Văn phạm Pháp văn và cách chia động từ  |c Nguyễn Hữu Đức 
260 |c 1999 
OWN |a LNN 
999 |a From the UDN01 
TYP |a Monograph 
980 |a Mạng thư viện Đại học Đà Nẵng